000 00525nam a2200181Ia 4500
005 20250326123508.0
008 250326s9999 xx 000 0 und d
037 _aTextbook
040 _aFMSL
_beng
_cFMSL
041 _aeng
_2eng
084 _aX:81 P5
_qFMSL
100 _aEnglish J
_9735302
245 0 _aReforming from the top : a leaders 20 summit
_cEnglish J And Others
260 _aNY
_bNY, United Nations University Press
_c2005
300 _a319p
942 _cTB
_hX:81 P5
999 _c1269611
_d1269611